Normale Ansicht MARC-Ansicht ISBD

Wie gehen wir mit Wasser um ? (Titelsatznr. 80723)

[ MARC ]
MARC-Details
000 -Satzkennung
Kontrollfeld mit fester Länge 00730nam a22001817a 4500
008 - Feld mit fester Länge zur physischen Beschreibung - Allgemeine Angaben
Kontrollfeld mit fester Länge 201130b ||||| |||| 00| 0 eng d
040 ## - Katalogisierungsquelle
Katalogisierungssprache ger
Übertragungsstelle STAFF
Beschreibungsfestlegungen rda
Original-Katalogisierungsstelle STAFF
041 ## - Sprachcode
Sprachcode des Textes/der Tonspur oder des separaten Titels ger
100 ## - Person oder Familie als 1. geistiger Schöpfer
Personenname Matthes Ina
245 ## - Titel
Haupttitel Wie gehen wir mit Wasser um ?
Titelzusatz Das Land regelt Management des kostbaren Nass neu. In einem ersten Schritt geht es um Flüsse und Seen. Doch auch Grundwasser ist ein Thema.
Verantwortlichkeitsangabe Ina Matthes
653 ## - Lokales Schlagwort
Nicht-normierter Term Brandenburg/ Frankfurt (Oder)
653 ## - Lokales Schlagwort
Nicht-normierter Term Niedrigwasser
773 ## - Übergeordnete Einheit
Ort, Verlag und Erscheinungsjahr Frankfurt (Oder): Märkisches Verlags- und Druckhaus GmbH & Co KG
Verknüpfungsangaben 32. Jahrgang (2021) Nr. 39 vom 16.02.2021, S. 5: Foto
Titel Märkische Oderzeitung
942 ## - Zusätzliche Felder (Koha)
Koha-Medientyp Aufsätze
Exemplare
Ausgeschieden Verloren Beschädigt Nicht entleihbar Permanenter Standort Aktueller Standort Aufstellungsort Eingabedatum Anzahl Ausleihen Signatur Letzte Aktivität Preis gültig von Medientyp
        Stadtarchiv Frankfurt (Oder) | Archivbibliothek Stadtarchiv Frankfurt (Oder) | Archivbibliothek Magazin 17/02/2021   Z2 17/02/2021 17/02/2021 Aufsätze